书目信息 |
| 题名: |
中国历代长城研究
|
|
| 作者: | 段清波 著 | |
| 分册: | ||
| 出版信息: | 北京 经济科学出版社 2019 |
|
| 页数: | 11,535页 | |
| 开本: | 26cm | |
| 丛书名: | ||
| 单 册: | ||
| 中图分类: | K928.77 | |
| 科图分类: | ||
| 主题词: | 长城--研究--中国--古代 | |
| 电子资源: | ||
| ISBN: | 978-7-5141-8461-7 | |
| 000 | 01541nam0 2200253 450 | |
| 001 | 012001005175 | |
| 005 | 20131111144509.0 | |
| 010 | @a978-7-5141-8461-7@dCNY118.00 | |
| 100 | @a20190921d2019 em y0chiy50 ea | |
| 101 | 0 | @achi@deng@eeng |
| 102 | @aCN@b110000 | |
| 105 | @aa z 000yy | |
| 106 | @ar | |
| 200 | 1 | @a中国历代长城研究@9zhong guo li dai chang cheng yan jiu@dResearch on the great wall in past dynasties@f段清波等著@zeng |
| 210 | @a北京@c经济科学出版社@d2019 | |
| 215 | @a11,535页@c图@d26cm | |
| 300 | @a教育部哲学社会科学研究重大课题攻关项目 “十三五”国家重点出版物规划项目 | |
| 330 | @a长城是中国文化最重要的符号之一。它是世界上规模、体量最大的人工构筑物,是由不同时期先民创造的工程奇迹,历时两千多年的中国长城,伴随了帝国体制的构建、完善和兴衰,是帝国文明形成与发展演变过程的突出见证物。长城建筑时间之长、分布地域之广、影响力之大,是其他任何文物都无法比拟的,它已成为中华民族的精神象征。长城是最具民族文化特色的线性、带状文化遗产。它绵延弯曲,分布地域广阔,延续时间漫长,建筑规模宏大,防御体系复杂,文化内涵丰富。东周之际诸侯国之间为防御敌国或外族的军事进攻而断续修建,至秦统一六国开创空前大一统局面后,秦帝国在整合北部边界原有的燕、赵长城的基础上,继续增修,由此而始的长城修筑直至清朝才完全停止,长城的军事防御重点也由诸侯之间转向北部边境与少数族群接壤的地区。 | |
| 510 | 1 | @aResearch on the great wall in past dynasties@zeng |
| 606 | 0 | @a长城@x研究@y中国@z古代 |
| 690 | @aK928.77@v5 | |
| 701 | 0 | @a段清波@9duan qing bo@f(1964-)@4著 |
| 801 | 0 | @aCN@b江苏凤凰@c20191020 |
| 905 | @b1213014-5@dK928.77@e1173@f2 | |
| 中国历代长城研究=Research on the great wall in past dynasties/段清波等著.-北京:经济科学出版社,2019 |
| 11,535页:图;26cm |
| 教育部哲学社会科学研究重大课题攻关项目 “十三五”国家重点出版物规划项目 |
| ISBN 978-7-5141-8461-7:CNY118.00 |
| 长城是中国文化最重要的符号之一。它是世界上规模、体量最大的人工构筑物,是由不同时期先民创造的工程奇迹,历时两千多年的中国长城,伴随了帝国体制的构建、完善和兴衰,是帝国文明形成与发展演变过程的突出见证物。长城建筑时间之长、分布地域之广、影响力之大,是其他任何文物都无法比拟的,它已成为中华民族的精神象征。长城是最具民族文化特色的线性、带状文化遗产。它绵延弯曲,分布地域广阔,延续时间漫长,建筑规模宏大,防御体系复杂,文化内涵丰富。东周之际诸侯国之间为防御敌国或外族的军事进攻而断续修建,至秦统一六国开创空前大一统局面后,秦帝国在整合北部边界原有的燕、赵长城的基础上,继续增修,由此而始的长城修筑直至清朝才完全停止,长城的军事防御重点也由诸侯之间转向北部边境与少数族群接壤的地区。 |
| ● |
| 相关链接 |
|
|
|
|
正题名:中国历代长城研究
索取号:K928.77/1173
 
预约/预借
| 序号 | 登录号 | 条形码 | 馆藏地/架位号 | 状态 | 备注 |
| 1 | 1213014 | 212130148 | 第二样本阅览室/ [索取号:K928.77/1173] | 在馆 | |
| 2 | 1213015 | 212130157 | 第二借阅区/ [索取号:K928.77/1173] | 在馆 |